| 000 | 01990cam a22004332 4500 | ||
|---|---|---|---|
| 001 | 0000020853 | ||
| 005 | 20151217154445.0 | ||
| 008 | 111024s xx 000 0 eng d | ||
| 020 | _a0199249411 : | ||
| 040 |
_aKABU _cKABU |
||
| 100 | 1 |
_aAtiyah, Patrick Selim. _@0000181469 |
|
| 245 | 1 | 0 |
_aAtiyah's introduction to the law of contract / _cPatrick Selim Atiyah, Stephen A. Smith. |
| 250 | _a6th ed. | ||
| 260 |
_aOxford : _bClarendon, _c2006. |
||
| 300 | _axxxviii, 441 p. | ||
| 650 | 0 |
_aContracts _zGreat Britain. _@0000156958 |
|
| 700 | 1 |
_aSmith, Stephen A. _@0000181470 |
|
| 852 | 1 | _9p7000 KES | |
| 852 | 1 | _9p3805 KES | |
| 852 | 1 | _9p7000 KES | |
| 852 | 1 | _9p3805 KES | |
| 852 | 1 | _9p7000 KES | |
| 852 | 1 | _9p7000 KES | |
| 852 | 1 | _9p7000 KES | |
| 852 | 1 | _9p7000 KES | |
| 852 | 1 | _9p7000 KES | |
| 852 | 1 | _9p4495 KES | |
| 852 | 1 | _9p7000 KES | |
| 852 | 1 | _9p7000 KES | |
| 852 | 1 | _9p7000 KES | |
| 852 | 1 | _9p7000 KES | |
| 852 | 1 | _9p7000 KES | |
| 852 | 1 | _9p7000 KES | |
| 852 | 1 | _9p4495 KES | |
| 852 | 1 | _9p7000 KES | |
| 852 | 1 | _9p7000 KES | |
| 908 | _a111024 | ||
| 950 | _@1 | ||
| 999 |
_c11396 _d11396 |
||